Statistics for Top 50 Most Peaceful Countries

Click here to take the quiz!

General Stats

  • This quiz has been taken 208 times
  • The average score is 37 of 50

Answer Stats

ScoreCountry% Correct
1.564Sweden
100%
1.439Finland
99%
1.471Norway
99%
1.389Canada
97%
1.296Denmark
97%
1.567Australia
95%
1.300Austria
95%
1.107Iceland
94%
1.269New Zealand
94%
1.305Portugal
94%
1.732United Kingdom
94%
1.288Ireland
93%
1.526Belgium
92%
1.570Spain
92%
1.347Switzerland
92%
1.643Italy
91%
1.336Japan
90%
1.522Netherlands
90%
1.462Germany
88%
1.662Estonia
87%
1.673Latvia
87%
1.440Croatia
86%
1.724Lithuania
86%
1.318Czech Republic
85%
1.786South Korea
85%
1.411Hungary
84%
1.618Romania
84%
1.499Slovakia
84%
1.552Bulgaria
82%
1.541Poland
82%
1.316Slovenia
82%
1.326Singapore
77%
1.603Taiwan
71%
1.802Montenegro
66%
1.761Albania
62%
1.704North Macedonia
62%
1.776Uruguay
61%
1.465Malaysia
55%
1.481Bhutan
54%
1.667Costa Rica
54%
1.775Mongolia
51%
1.533Qatar
51%
1.789Vietnam
47%
1.809Laos
42%
1.800Indonesia
41%
1.739Kuwait
41%
1.566Mauritius
35%
1.801Botswana
28%
1.759Ghana
16%
1.792Gambia
9%

Score Distribution

Percentile by Number Answered

Percent of People with Each Score

Your Score History

You have not taken this quiz